C programs and data structures (Record no. 4997)

MARC details
000 -LEADER
fixed length control field 00322nam a2200121Ia 4500
008 - FIXED-LENGTH DATA ELEMENTS--GENERAL INFORMATION
fixed length control field 150201s2010 xx 000 0 und d
082 ## - DEWEY DECIMAL CLASSIFICATION NUMBER
Classification number 5.133
Item number SAL
100 ## - MAIN ENTRY--PERSONAL NAME
Personal name Salaria,R.S
245 ## - TITLE STATEMENT
Title C programs and data structures
260 ## - PUBLICATION, DISTRIBUTION, ETC. (IMPRINT)
Name of publisher, distributor, etc. Khanna Books Publishing Co. Ltd.
Place of publication, distribution, etc. N. Delhi
Date of publication, distribution, etc. 2010
300 ## - PHYSICAL DESCRIPTION
Extent 667p.
942 ## - ADDED ENTRY ELEMENTS (KOHA)
Source of classification or shelving scheme Dewey Decimal Classification
Koha item type Books
Koha issues (borrowed), all copies 8
Holdings
Withdrawn status Lost status Source of classification or shelving scheme Damaged status Not for loan Home library Current library Date acquired SGTU Total Checkouts Total Renewals Full call number Barcode Date last seen Date last checked out Bill Date Koha item type
    Dewey Decimal Classification     SGT Engineering Library SGT Engineering Library 14/05/2010 SGTU 12 1 5.133 SAL FE2201 22/10/2024 22/10/2024 09/02/2015 Books
weeded-out   Dewey Decimal Classification     SGT Engineering Library SGT Engineering Library 14/05/2010 SGTU 2   5.133 SAL FE2202 13/11/2018 13/11/2018 09/02/2015 Books
    Dewey Decimal Classification     SGT Engineering Library SGT Engineering Library 14/05/2010 SGTU 6 1 5.133 SAL FE2203 09/04/2024 22/03/2024 09/02/2015 Books